000
00266nam a2200109Ia 4500
008
190906s9999||||xx |||||||||||||| ||und||
100
_a
Theodore F. Bogart, Jr.
245
0
_a
Electric Circuits
260
_a
New york
_b
Prentice Hall
_c
1992
300
_a
933
942
_c
BK
999
_c
5936
_d
5936